Flags of Countries That Border the North Sea - Statistics

General Stats
  • This quiz has been taken 2,510 times
  • The average score is 7 of 7
Answer Stats
Flag Country % Correct
France
100%
Belgium
99%
Germany
99%
Denmark
98%
United Kingdom
98%
Norway
97%
Netherlands
96%
No matching quizzes found
Score Distribution
Percent of People with Each Score
Percentile by Number Answered
Your Score History
You have not taken this quiz